01793nam a22002177a 450000500170000000800410001702000180005804000070007604100120008308200180009510000180011324500860013126000480021730000280026536500530029352011130034665000230145965000220148265000510150470000200155520240801100058.0240801b ||||| |||| 00| 0 eng d a9789392837777 cAL aEnglish 223a529bTYAS aPraveen Tyagi aSecrets Behind Faster Calculations: Train Your Brain to Become a Human Calculator aHaryanabG K Publications Private Ltdc2024 a248 p.bPBc21.5x14 cm. a2488b₹236.00c₹d₹295.00e20%f17-07-2024 aDo you find yourself spending more than 30 seconds on basic math calculations? Are you amazed by those who can perform calculations effortlessly? If so, this book is for you. This pioneering guide simplifies calculations, making them easier with consistent practice. While you won’t become a pro overnight, regular practice will make calculations a breeze. Students preparing for JEE, GATE, CAT, SSC, CBSE, ICSE, State Boards from class IX to XII, and other competitive exams understand the critical importance of quick calculations. This book is designed to enhance your accuracy, speed, and efficiency, essential for time-bound exam practice. The book features 10 sections covering: Special Tricks, Addition & Subtraction, Multiplication, Squaring, Cubing, Square Roots, Cube Roots, Division, Percentages, and Data Interpretation. A detailed video summary is also provided at the beginning of each chapter. It includes a practice set to test your skills. Whether you’re a student, working professional, business owner, or homemaker, this book is an invaluable resource for mastering math calculations. a Easy Tips-Tricks  aCompetitive Exams aFormulas for Complex Mathematics Calculations  aTYAGI (Praveen)